| 000 | 00802nam a2200217 a 4500 | ||
|---|---|---|---|
| 001 | 000010282 | ||
| 005 | 20240412074216.0 | ||
| 008 | 091006s2004 dr c 001 p spa d | ||
| 020 | _a9993479365 | ||
| 040 |
_aDO-SdBNP _bspa _cBNPHU |
||
| 082 |
_aRD861.44 _bJ61ne |
||
| 100 | 1 |
_aJiménez, Miguel Antonio, _d1955- _921801 |
|
| 245 | 1 | 0 |
_aNervio de lo oscuro / _cMiguel Antonio Jiménez. |
| 260 |
_aSanto Domingo : _bBúho, _c2004. |
||
| 300 |
_a257 p : _bil., retrs. ; _c22 cm. |
||
| 500 | _aNervio de lo oscuro pertenece a la colección horizonte I no. 5 del taller literario César Vallejo de la Universidad Autónoma de Santo Domingo | ||
| 590 | _aInventariado, 2018/LP | ||
| 650 | 0 |
_aPoesía dominicana _966 |
|
| 650 | 0 |
_aLiteratura dominicana. _967 |
|
| 910 | _aValidado. Control de calidad BNPHU. | ||
| 999 |
_c10041 _d10041 |
||